<?xml version="1.0" encoding="UTF-8"?>
<collection xmlns="http://www.loc.gov/MARC21/slim">
 <record>
  <leader>01057pam a22002778a 4500</leader>
  <controlfield tag="001">00042707</controlfield>
  <controlfield tag="005">20181017091028.0</controlfield>
  <controlfield tag="008">170518s1992                  ||||||Viesd</controlfield>
  <datafield tag="020" ind1="#" ind2="#">
   <subfield code="a">9786045989456</subfield>
   <subfield code="c">66000</subfield>
  </datafield>
  <datafield tag="041" ind1="0" ind2="#">
   <subfield code="a">Vie</subfield>
  </datafield>
  <datafield tag="082" ind1="1" ind2="4">
   <subfield code="a">005.8</subfield>
   <subfield code="b">CH455L</subfield>
  </datafield>
  <datafield tag="100" ind1="1" ind2="#">
   <subfield code="a">Benedetti, Teo</subfield>
  </datafield>
  <datafield tag="245" ind1="1" ind2="0">
   <subfield code="b">Cẩm nang sử dụng mạng xã hội : Dành cho bố mẹ đọc cùng con</subfield>
   <subfield code="a">Chống lại kẻ bắt nạt trên mạng</subfield>
   <subfield code="c">Teo Benedetti, Davide Morosinotto ; Hạ An (dịch) ; Jean Claudio Vinci  (minh hoạ)</subfield>
  </datafield>
  <datafield tag="260" ind1="#" ind2="#">
   <subfield code="b">Phụ nữ ; Công ty Văn hoá Pingbooks</subfield>
   <subfield code="c">2017</subfield>
   <subfield code="a">Hà Nội</subfield>
  </datafield>
  <datafield tag="300" ind1="#" ind2="#">
   <subfield code="b">tranh màu</subfield>
   <subfield code="a">91 tr.</subfield>
   <subfield code="c">20 cm</subfield>
  </datafield>
  <datafield tag="653" ind1="#" ind2="#">
   <subfield code="a">An toàn thông tin</subfield>
  </datafield>
  <datafield tag="653" ind1="#" ind2="#">
   <subfield code="a">Mạng máy tính</subfield>
  </datafield>
  <datafield tag="653" ind1="#" ind2="#">
   <subfield code="a">Tham gia</subfield>
  </datafield>
  <datafield tag="653" ind1="#" ind2="#">
   <subfield code="a">Sử dụng</subfield>
  </datafield>
  <datafield tag="653" ind1="#" ind2="#">
   <subfield code="a">Mạng xã hội</subfield>
  </datafield>
  <datafield tag="700" ind1="1" ind2="#">
   <subfield code="a">Morosinotto, Davide</subfield>
  </datafield>
  <datafield tag="700" ind1="1" ind2="#">
   <subfield code="e">Dịch</subfield>
   <subfield code="a">Hạ An</subfield>
  </datafield>
  <datafield tag="700" ind1="1" ind2="#">
   <subfield code="a">Vinci, Jean Claudio</subfield>
   <subfield code="e">Minh họa</subfield>
  </datafield>
  <datafield tag="852" ind1="#" ind2="#">
   <subfield code="j">KM.0026656</subfield>
  </datafield>
  <datafield tag="910" ind1=" " ind2=" ">
   <subfield code="d">17/10/2018</subfield>
  </datafield>
  <datafield tag="980" ind1="#" ind2="#">
   <subfield code="a">Trung tâm Học liệu Lê Vũ Hùng, Trường Đại học Đồng Tháp</subfield>
  </datafield>
 </record>
</collection>
